| 000 | 00617nam a22001577a 4500 | ||
|---|---|---|---|
| 999 |
_c17612 _d17612 |
||
| 003 | OSt | ||
| 005 | 20221114094327.0 | ||
| 008 | 221114b ||||| |||| 00| 0 eng d | ||
| 040 | _c0 | ||
| 100 |
_aLynn, Michael _946785 |
||
| 245 |
_aHow hospitality brands grow : _bwhat hospitality marketers should know about Andrew Ehrenberg's work (invited paper for 'luminaries' special issue of international journal of hospitality management) / _cMichael Lynn. |
||
| 260 |
_aAmsterdam : _b Elsevier, _c©January 2019. |
||
| 300 |
_av 76PB, pages 70-80 : _b illustrations. |
||
| 650 | _2Hospitality industry. | ||
| 942 |
_2ddc _cPER |
||